000
00309nam a22001337a 4500
008
171103b xxu||||| |||| 00| 0 eng d
020
_a
9780201564006
041
_a
eng
080
_a
339.138
100
_a
60
101
_a
MAR
245
_a
THE MARKETING CHALLENGE EUROPE 1992
_c
JOHN.A.Q
942
_2
udc
_c
BK
999
_c
37554
_d
37554